000 00308nam a22001337a 4500
008 171101b xxu||||| |||| 00| 0 eng d
020 _a9780878406302
041 _aeng
080 _26TH
_a339
100 _a59
101 _aTRE
245 _aCAREERS IN INTERNATIONAL AFFAIRS
_cCARLAND,M.P
942 _2udc
_cBK
999 _c37084
_d37084